Bomber pilot : a memoir of World War II /

Bibliographic Details
Main Author: Ardery, Philip, 1914-
Format: Book
Language:English
Published: Lexington : University Press of Kentucky, [1978]
Subjects:

MARC

Tag First Indicator Second Indicator Subfields
LEADER 00000cam a22000008i 4500
001 in00000308564
005 20180906133829.0
008 780721s1978 kyuaf 00110aeng
010 |a  77092919  
020 |a 0813113792 :  |c $8.50 
035 |a (OCoLC)04136595 
035 |9 ABH9676AM 
040 |a DLC  |c DLC  |d TXA  |d UtOrBLW 
043 |a n-us--- 
049 |a TXAM  |c [1402355] 
050 0 |a D790  |b .A86 
082 0 |a 940.54/49/73 
100 1 |a Ardery, Philip,  |d 1914- 
245 1 0 |a Bomber pilot :  |b a memoir of World War II /  |c by Philip Ardery. 
264 1 |a Lexington :  |b University Press of Kentucky,  |c [1978] 
264 4 |c ©1978 
300 |a x, 233 pages, 16 unnumbered leaves of plates :  |b illustrations ;  |c 24 cm. 
336 |a text  |b txt  |2 rdacontent 
337 |a unmediated  |b n  |2 rdamedia 
338 |a volume  |b nc  |2 rdacarrier 
500 |a Includes index. 
500 |a The Cushing Library/Ragan Military copy is a gift of Ann, Fred, and Tracie Burns for the Major Curtis Burns '52 Aviation Collection. 
536 |a Gift of Ben Allen Jr. '56. 
600 1 0 |a Ardery, Philip,  |d 1914- 
610 1 0 |a United States.  |b Air Force  |x Biography. 
650 0 |a World War, 1939-1945  |x Aerial operations, American. 
650 0 |a World War, 1939-1945  |v Personal narratives, American. 
650 0 |a Air pilots, Military  |z United States  |v Biography. 
999 |a MARS 
999 f f |s 7b03c348-1436-3be2-a6b4-220037b9190b  |i 52ce55ce-8030-32b3-b83e-5797b5664476  |t 0 
952 f f |p noncirc  |a Texas A&M University  |b College Station  |c Cushing Memorial Library & Archives  |s cush mil  |d Cushing: Ragan Military (Does not check out)  |t 0  |e D790 .A86 1978  |h Library of Congress classification  |i unmediated -- volume  |m A14852656942 
952 f f |p normal  |a Texas A&M University  |b Galveston Campus  |c Jack K. Williams Library  |s galv stk  |d Galveston Stacks  |t 0  |e D790 .A86  |h Library of Congress classification  |i unmediated -- volume  |m 33620000505152 
952 f f |p normal  |a Texas A&M University  |b College Station  |c Sterling C. Evans Library  |s Evans stk  |d Evans: Library Stacks  |t 0  |e D790 .A86  |h Library of Congress classification  |i unmediated -- volume  |m A14834896731 
998 f f |a D790 .A86  |t 0  |l Evans: Library Stacks 
998 f f |a D790 .A86  |t 0  |l Galveston Stacks 
998 f f |a D790 .A86 1978  |t 0  |l Cushing: Ragan Military (Does not check out)